000 01143cam a2200313 i 4500
001 282
003 CO-MdFUSB
005 20221001085904.0
008 221001t1981 sp ||||| |||| 00| 0 spa d
020 _a84-85921-00-3
040 _bspa.
_aCO-MdFUSB
_cCO-MdFUSB
_dCO-MdFUSBC
_erda
041 _aspa
082 0 4 _a296.14
_bP9449t
100 1 _aPérez Fernández, Miguel
_eautor
245 1 0 _aTradiciones mesiánicas en el Targum Palestinense : Estudios exegéticos /
_c/ Miguel Pérez Fernández
260 _a Institución San Jerónimo para la Investigación Bíblica
264 1 _aValencia :
_bArtes Gráficas Soler,
_c[1985]
264 4 _c© 1985
300 _a359 Páginas
_c;
336 _2rdacontent
_atexto
_btxt
337 _2rdamedia
_asin mediación
_bn
338 _2rdacarrier
_avolumen
_bnc
505 _aEl procesamiento targúmico -- Targum Palestinense a Genesis 3,14-15 -- El tema mesianico en el Targum a Genesis 49 -- El tema mesianico en el TgP EXODO 12,42 -- Los oraculos de Balaam (Num 23-24)
653 _aJudaísmos
653 _aLiteratura Judía
653 _aTargum
942 _cBK
945 _aestudio
999 _c31818
_d31818